Pisarze i poeci - nagła śmierć - Statystyki

Ogólne statystyki
  • Ten quiz został rozwiązany 128 razy
  • Średni wynik to 9 z 16
Answers on the Grid
Answers color-coded by a green-red scale on the quiz's grid according to % correct below.
Stephen King
J.K. Rowling
Billie Eilish
Raphinha
Leonardo DiCaprio
Olga Tokarczuk
Silvio Berlusconi
Remigiusz Mróz
V.E. Schwab
Emmanuel Olisadebe
Andreas Wellinger
Maria Sharapova
Cameron Diaz
Carlos Ruiz Zafón
Paulo Coelho
Dawid Podsiadło
Blanka Lipińska
Carlos Alcaraz
Wojciech Chmielarz
Jakub Żulczyk
Penélope Cruz
Jojo Moyes
Nicholas Sparks
Amor Towles
Victor Wembanyama
Daria Zawiałow
Danuta Holecka
Colleen Hoover
Lucinda Riley
Krzysztof Bosak
Janne Happonen
Suzanne Collins
 
Statystyki odpowiedzi
Odpowiedź % Poprawnych
J.K. Rowling
95%
Stephen King
92%
Olga Tokarczuk
87%
Remigiusz Mróz
82%
Paulo Coelho
65%
Blanka Lipińska
59%
Jakub Żulczyk
57%
Carlos Ruiz Zafón
48%
Wojciech Chmielarz
48%
Nicholas Sparks
45%
Colleen Hoover
41%
Suzanne Collins
40%
V.E. Schwab
33%
Jojo Moyes
32%
Amor Towles
24%
Lucinda Riley
24%
Nie znaleziono quizów pasujących do podanych kryteriów
Rozkład punktacji
Procent ludzi z każdym wynikiem
Percentyl według liczby udzielonych odpowiedzi
Twoja historia wyników
Nie rozwiązałeś tego quizu